| 000 | 00384nam a2200157Ia 4500 | ||
|---|---|---|---|
| 008 | 210716s2016 xx 000 0 und d | ||
| 020 | _a9788126563012 | ||
| 041 | _aeng | ||
| 082 | _a338.04 KAOL | ||
| 100 | _aKao, Liz; Paz, Jon. | ||
| 245 |
_aSalesforce.com: for dummies. _bFor dummies. |
||
| 250 | _a6 | ||
| 260 |
_aNew Delhi _bWILEY _c2016 |
||
| 300 | _axv,436 | ||
| 650 | _aNone | ||
| 999 |
_c197199 _d197199 |
||